| 000 | 00568cas a22001815a 4500 | ||
|---|---|---|---|
| 001 | L149477 | ||
| 008 | 070613c1963 -cntr p 0 a0eng | ||
| 022 | 1 | _a2317-3963 | |
| 041 | 0 | _aeng | |
| 245 |
_aJournal of Modern Project Management _h[electronic resource] |
||
| 260 |
_aQuebec, _bJMPM Publishing House _c2006- |
||
| 651 | 4 | _aInternational | |
| 651 | 4 | _aCanada | |
| 690 |
_aProject management _96261 |
||
| 856 | 4 | 1 |
_uhttps://www.rics.org/profession-standards/knowledge-and-information-services _zHow to access eJournals |
| 942 |
_n0 _2ddc |
||
| 948 | _c08/03/2010 | ||
| 999 |
_c119272 _d119272 |
||